000 00625nam a22002292a 4500
999 _c6569
_d6569
001 6569
003 BD-JhCC
005 20180125184252.0
008 860101s1966 enka 000 1 eng d
035 _a(BD-JhCC)6569
040 _aEYP
_cEYP
_dUKM
_dEQO
_dBD-JhCC
041 _aeng
082 _a823.91
_218
_bLEW 1966
100 1 _aLewis, Hilda,
_d1896-1974.
245 0 4 _aThe gentle falcon /
_cHilda Lewis, illus. by Evelyn Gibbs
260 _aOxford University Press :
_bLondon,
_c1952
300 _a249 p. :
_bill. ;
_c20 cm.
650 _aEnglish Fiction
700 _aGibbs, Evelyn
942 _2ddc
_cBK